Представление документа в формате MARC21

ПолеНазваниеЗначение
  Тип записи a
  Библиографический уровень m
001 Контрольный номер RU\infra-m\znanium\bibl\2235040
005 Дата корректировки 20260429142220.0
008 Кодируемые данные 260413s2025 RU g rus u
020 Индекс ISBN __
a ISBN 978-5-91671-947-5
040 Источник каталогиз. __
a Служба первич. каталог. Общество с ограниченной ответственностью «ЗНАНИУМ»
041 Код языка издания __
a Код языка текста rus
044 Код страны публикации __
a Код страны публикации RU
080 Индекс УДК __
a Индекс УДК 659
084 Индекс другой классификации/Индекс ББК __
2 Источник индекса rubbk
a Индекс другой классификации/Индекс ББК 6542
084 Индекс другой классификации/Индекс ББК __
2 Источник индекса okso
a Индекс другой классификации/Индекс ББК 38.04.01
084 Индекс другой классификации/Индекс ББК __
2 Источник индекса okso
a Индекс другой классификации/Индекс ББК 38.04.02
084 Индекс другой классификации/Индекс ББК __
2 Источник индекса okso
a Индекс другой классификации/Индекс ББК 42.04.01
100 Автор __
a Автор Макки Р.
q Полное имя Макки Роберт
245 Заглавие __
a Заглавие Сториномика: Маркетинг, основанный на историях, в пострекламном мире
b Продолж. заглавия Научно-популярная литература
250 Сведения об издании __
a Основные сведения об издании 1
260 Выходные данные __
a Место издания Москва
b Издательство ООО "Альпина нон-фикшн"
c Дата издания 2026
300 Физическое описание __
a Объем 280 с.
520 Аннотация __
a Аннотация Написанная легендарным гуру сторителлинга Робертом Макки в соавторстве с генеральным директором компании Skyword Томом Джерасом на основе всемирно известного семинара эта книга объясняет как применять сторителлинг в бизнесе для достижения делового и экономического успеха. Среди учеников Роберта Макки десятки сценаристов — обладателей престижных премий «Оскар» и «Эмми». В основе его популярного семинара лежит уникальная книга «История на миллион долларов» посвященная искусству создания историй. В новой книге «Сториномика» Макки совместно с экспертом по цифровому маркетингу Томом Джерасом предлагает подробную «дорожную карту» для компаний стремящихся выжить в условиях резкого снижения эффективности традиционных рекламных моделей. Успешно проведя такие известные компании как Samsung Marriott International Philips Microsoft Nike IBM и Siemens через процесс перехода от ориентированного на рекламу на ориентированный на истории маркетинг Макки и Джерас предлагают эти уникальные практические знания в помощь всем бизнес-лидерам и предпринимателям. Опираясь на примеры десятков ведущих брендов в сфере B2B и B2C использующих маркетинговые стратегии на основе сторителлинга «Сториномика» наглядно показывает как оригинальный сторителлинг обеспечивает результаты намного превосходящие эффективность традиционной рекламы. Как бренды будут взаимодействовать со своими потребителями уже в обозримом будущем? «Сториномика» отвечает на этот вопрос.
521 Примеч. о цел. назн. __
a Примеч. о целев. назн. Дополнительное профессиональное образование
650 Тематические рубрики __
a Основная рубрика Реклама. Маркетинг. PR
655 Указ. предметных рубрик (устаревшее) __
a Жанр/ форма (устаревшее) Научно-популярная литература
700 Другие авторы __
a Другие авторы Джерас Т.
q Полное имя Джерас Том
856 Электронный адрес документа 4_
a Имя сервера/домена znanium.ru
m Помощь ebs_support@infra-m.ru
n Местонахождение сервера НИЦ ИНФРА-М
u URL https://znanium.ru/catalog/document?id=473434
856 Электронный адрес документа 48
a Имя сервера/домена znanium.ru
d Путь /cover/2235
f Электронное имя 2235040.jpg
q Тип электронного формата image/jpeg
u URL https://znanium.ru/cover/2235/2235040.jpg
911 __
u 0030=https://znanium.ru/catalog/document?id=473434